000 00866nam a2200217Ia 4500
003 GCL
005 20240530110910.0
008 140319s2009 ua g 000 0 ara d
017 _a2009/2346
_bمصر. دار الكتب
020 _a9771303864
040 _aGCL /
_cGCL
082 0 4 _a320.973/
_bع أ
100 0 _aعاطف الغمرى
245 1 0 _aامريكا فى عالم يتغير /
_cعاطف الغمرى
260 _aالقاهرة :
_bمركز الاهرام للترجمة والنشر،
_c2009.
300 _a191 ص ؛
_c24 سم.
651 0 7 _2qrmak
_aالولايات المتحدة الامريكية
_xالاحوال السياسية
651 0 7 _2qrmak
_aالولايات المتحدة الامريكية
_xتاريخ
_yالعصر الحديث
_xباراك اوباما
942 _2ddc
_cBK
999 _c66293
_d66293